| Tag |
First Indicator |
Second Indicator |
Subfields |
| LEADER |
00000cam a2200000La 4500 |
| 001 |
in00001607621 |
| 005 |
20190325101103.0 |
| 006 |
m u |
| 007 |
cr cn| |
| 008 |
001009s1999 maua s 001 0 eng d |
| 020 |
|
|
|a 0585275572 (electronic bk.)
|
| 020 |
|
|
|a 9780585275574 (electronic bk.)
|
| 035 |
|
|
|a (OCoLC)ocm45727682
|
| 035 |
|
|
|a (OCoLC)45727682
|
| 040 |
|
|
|a N$T
|c N$T
|d OCL
|d OCLCQ
|d MUQ
|d OCLCQ
|d UtOrBLW
|
| 049 |
|
|
|a TXAM
|
| 050 |
1 |
4 |
|a HD30.2
|b .M455 1999eb
|
| 082 |
0 |
4 |
|a 006.3
|2 21
|
| 100 |
1 |
|
|a Mena, Jesus.
|
| 245 |
1 |
0 |
|a Data mining your website /
|c Jesus Meña.
|
| 264 |
|
1 |
|a Boston :
|b Digital Press,
|c [1999]
|
| 264 |
|
4 |
|c ©1999
|
| 300 |
|
|
|a xiv 368 pages :
|b illustrations ;
|c 24 cm.
|
| 336 |
|
|
|a text
|b txt
|2 rdacontent
|
| 337 |
|
|
|a computer
|b c
|2 rdamedia
|
| 338 |
|
|
|a online resource
|b cr
|2 rdacarrier
|
| 500 |
|
|
|a Includes index.
|
| 533 |
|
|
|a Electronic reproduction.
|b Boulder, Colo. :
|c NetLibrary,
|d 2000.
|n Available via World Wide Web.
|n Access may be limited to NetLibrary affiliated libraries.
|
| 500 |
|
|
|a Electronic resource.
|
| 650 |
|
0 |
|a Information technology
|x Management.
|
| 650 |
|
0 |
|a Data mining.
|
| 650 |
|
0 |
|a Internet marketing.
|
| 650 |
|
0 |
|a Business enterprises
|x Computer networks.
|
| 650 |
|
0 |
|a Web sites.
|
| 655 |
|
7 |
|a Electronic books.
|2 local
|
| 650 |
|
6 |
|a Technologie de l'information
|x Gestion.
|
| 650 |
|
6 |
|a Data Mining.
|
| 650 |
|
6 |
|a Marketing sur Internet.
|
| 650 |
|
6 |
|a Entreprises
|x Réseaux d'ordinateurs.
|
| 650 |
|
6 |
|a Sites Web.
|
| 710 |
2 |
|
|a NetLibrary, Inc.
|
| 776 |
1 |
|
|c Original
|z 1555582222
|w (DLC) 99022694
|w (OCoLC)41039824
|
| 856 |
4 |
0 |
|u http://proxy.library.tamu.edu/login?url=http://www.netLibrary.com/urlapi.asp?action=summary&v=1&bookid=34047
|z Connect to the full text of this electronic book
|t 0
|
| 994 |
|
|
|a 92
|b TXA
|
| 999 |
|
|
|a MARS
|
| 999 |
f |
f |
|s c1dd438c-c0c0-39ab-aabe-6fb651ba33c4
|i 79083df9-617d-361c-bef7-28e2cd0416a5
|t 0
|
| 952 |
f |
f |
|a Texas A&M University
|b College Station
|c Electronic Resources
|d Available Online
|t 0
|e HD30.2 .M455 1999eb
|h Library of Congress classification
|
| 998 |
f |
f |
|a HD30.2 .M455 1999eb
|t 0
|l Available Online
|